000 00815nab a2200241u 4500
001 19406
003 HDC
007 c| |||a|c|aaaa
008 210228b20110426my ||||o |||| 00| 0 eng d
040 _aHDC
100 _aRay Brindal /
_eauthor
_917868
245 0 _aAustralia: Camel Meat Exports Aim to Turn Pest into Profit /
_cRay Brindal
336 _atext
_2rdacontent
337 _acomputer
_2rdamedia
338 _aonline resource
_2rdacarrier
650 _aCamel Meat Exports
_917869
650 _ahalal dietary laws
_917870
710 _aWall Street Journal/Business
856 _zRequest full-text at [email protected]
942 _2lcc
942 _cNEWS
942 _kNWS0 003565
999 _c16722
_d16722